Распространение сильных взрывных волн (Запись № 8603334)

Подробности
000 -МАРКЕР
контрольное поле 01181nam0a22003131 4500
001 - ИДЕНТИФИКАТОР ЗАПИСИ
контрольное поле rc\4159048
005 - ИДЕНТИФИКАТОР ВЕРСИИ
контрольное поле 20130415184903.3
035 ## - ДРУГИЕ СИСТЕМНЫЕ НОМЕРА
Идентификатор записи (NLR Aleph) 007994973
100 ## - ДАННЫЕ ОБЩЕЙ ОБРАБОТКИ
Данные общей обработки 20130415d1946 |||y0rusy50 ca
101 0# - ЯЗЫК РЕСУРСА
Язык текста, звукозаписи и т.д. русский
102 ## - СТРАНА ПУБЛИКАЦИИ ИЛИ ПРОИЗВОДСТВА
Страна публикации Российская Федерация
105 ## - ПОЛЕ КОДИРОВАННЫХ ДАННЫХ: ТЕКСТОВЫЕ МАТЕРИАЛЫ, МОНОГРАФИЧЕСКИЕ
Кодированные данные о монографическом текстовом документе a z |||||
200 1# - ЗАГЛАВИЕ И СВЕДЕНИЯ ОБ ОТВЕТСТВЕННОСТИ
Основное заглавие Распространение сильных взрывных волн
Первые сведения об ответственности [Ин-т механики. Акад. наук Союза ССР]
210 ## - ПУБЛИКАЦИЯ, РАСПРОСТРАНЕНИЕ И ДР.
Место издания, распространения и т.д. Б. м.
Имя издателя, распространителя и т. д. Б. и.
Дата издания, распространения и т.д. 1946
215 ## - ФИЗИЧЕСКАЯ ХАРАКТЕРИСТИКА
Специфическое обозначение материала и объем 241-250 с.
Другие сведения о физической характеристике черт.
Размеры 26
300 ## - ОБЩИЕ ПРИМЕЧАНИЯ
Текст примечания Авт. и загл. также на англ. яз.
300 ## - ОБЩИЕ ПРИМЕЧАНИЯ
Текст примечания Резюме на англ. яз.
300 ## - ОБЩИЕ ПРИМЕЧАНИЯ
Текст примечания Из: "Прикладная математика и механика". 1946. Т. 10. Вып. 2. С. 241-250, с черт.
300 ## - ОБЩИЕ ПРИМЕЧАНИЯ
Текст примечания Перед загл.: Л.И. Седов
300 ## - ОБЩИЕ ПРИМЕЧАНИЯ
Текст примечания Без тит. л.
300 ## - ОБЩИЕ ПРИМЕЧАНИЯ
Текст примечания Описано по обл.
320 ## - ПРИМЕЧАНИЯ О НАЛИЧИИ В ДОКУМЕНТЕ БИБЛИОГРАФИИ / УКАЗАТЕЛЯ
Текст примечания Библиогр.: Литература: с. 250
700 #1 - ИМЯ ЛИЦА - ПЕРВИЧНАЯ ОТВЕТСТВЕННОСТЬ
Начальный элемент ввода Седов
Часть имени, кроме начального элемента ввода Л. И.
Даты 1907-
Расширение инициалов личного имени Леонид Иванович
801 #0 - ИСТОЧНИК ЗАПИСИ
Страна Российская Федерация
Организация NLR
Правила каталогизации psbo
801 #1 - ИСТОЧНИК ЗАПИСИ
Страна Российская Федерация
Организация ELAR
Источник данных rusmarc
852 ## - МЕСТОНАХОЖДЕНИЕ И ШИФР ХРАНЕНИЯ
Идентификатор организации NLR
Шифр хранения (Call Number) Мх02 Г-8/53
942 ## - ДОПОЛНИТЕЛЬНЫЕ ЭЛЕМЕНТЫ ЗАПИСИ (АБИС)
Тип экземпляра АБИС Книга
980 ## - КОЛЛЕКЦИЯ
Название коллекции Национальная библиография
Экземпляры
Тип экземпляра Дата поступления Библиотека постоянного хранения Библиотека текущего хранения Место хранения Шифр хранения Штрих-код Статус экземпляра
Книга 26.10.2013 РНБ (Садовая) РНБ (Садовая) Русский книжный фонд -Главное здание, Ленинский читальный зал Мх02 Г-8/53 7994973-10